000 00797nam a2200181Ia 4500
008 151202s9999||||xx |||||||||||||| ||und||
082 _bPNVM-81350
100 _aअष्टीकर मंदाकिनी.
245 _aआधार वटवृक्षाचा मायेच्या सावलीचा.
260 _b"निशिगंधा प्रकाशन, पुणे."
260 _c2013
300 _a184
600 _aअष्टीकर मंदाकिनी.
630 _aआधार वटवृक्षाचा मायेच्या सावलीचा.
700 _aअष्टीकर मंदाकिनी.
730 _aआधार वटवृक्षाचा मायेच्या सावलीचा.
942 _cBOOK
999 _c1345958
_d1345955